LEADER 01379nam a2200265 a 4500 001 000000161641 003 CaOOAMICUS 005 20170704133612.0 008 170627s1981 ck m 001 u spa r 032 $aLibriCat 040 $aPUL$bita 100 1 $aBernal Parra, Fernando José.$0(OLS)http://pul/name/103557 245 13$aLa búsqueda del absoluto en el mundo : $bestudio teológico sobre el problema de Dios en el pensamiento de Pierre Teilhard de Chardin /$cFernando José Bernal Parra. 260 $aMedellín :$b[s.n.],$c1981. 300 $a62 p. ; $c25 cm. 502 $aEstratto di Tesi -- Pontificia Universitas Gregoriana. Facultas Theologie. 1979. 504 $aBibliografia in nota a piè pagina. 600 14$aTeilhard de Chardin, Pierre,$cS.I.,$d1881-1955.$0(OLS)http://pul/subject/8511 710 2 $aPontificia Università Gregoriana.$bFacoltà di teologia.$kTesi.$0(OLS)http://pul/name/81592 850 $aPUL 852 $aPUL$W1$xDP1 Tesi Pon. Univ. Gregoriana$y40$mTH PUG 2907$j185605$qTesi$B188822$CPULBib$Z2$F188822 $H51322 $82 941 1 $a16 996 $6245$aLa búsqueda del absoluto en el mundo : $bestudio teológico sobre el problema de Dios en el pensamiento de Pierre Teilhard de Chardin$9(OLS)http://pul/title/201375 996 $6260$aMedellín :$b[s.n.]$9(OLS)http://pul/publisher/85111 LEADER 01370nam a2200301 a 4500 001 000000113897 003 CaOOAMICUS 005 20081113164924.0 008 081113s2008 it 001 u ita r 020 $a88-8333-086-2 040 $aPUL$bita$dLDB 100 1 $aColom, Enrique.$0(OLS)http://pul/name/33354 245 10$aScelti in Cristo per essere santi.$n1,$pMorale fondamentale /$cEnrique Colom, Angel Rodríguez-Luño. 246 30$aMorale fondamentale 260 $aRoma :$bEdizioni Università della Santa Croce,$cc2008. 300 $a425 p. ;$c24 cm 490 1 $aSussidi di teologia 504 $aBibliografia in nota. 650 14$aTeologia morale$xManuali, compendi, ecc.$0(OLS)http://pul/subject/21415 700 1 $aRodríguez Luño, Ángel,$d1951-$0(OLS)http://pul/name/34051 830 0$aSussidi di teologia.$0(OLS)http://pul/title/79600 850 $aPUL 852 $aPUL$W1$xSL Religione 3$y85$m241 EDUSC 1.1$j130100$qDDC 21$B129178$CPULBib$Z2$F129178 $H108562 $82 941 1 $a9 996 $6020$a88-8333-086-2$9(OLS)http://pul/number/139197 996 $6245$aScelti in Cristo per essere santi.$n1,$pMorale fondamentale$9(OLS)http://pul/title/143130 996 $6246$aMorale fondamentale$9(OLS)http://pul/title/143129 996 $6260$aRoma :$bEdizioni Università della Santa Croce$9(OLS)http://pul/publisher/75853